000 00485nam a22001937a 4500
003 MPLRDC
005 20220104143532.0
008 210129b ||||| |||| 00| 0 eng d
020 _a7-80616-797-8
082 _a782.891 GMR-6
100 _a陈明远
245 _a忘年交:我与郭沫若,田汉的交往
_c
250 _a初版
260 _a
_b学林出版社
_c1999
300 _b
490 _a纪实与回忆
650 _a郭沫若传记
942 _cBK
_o782.891 GMR-6
999 _c40866
_d40856